00619nam a22001697a 450000500170000001000150001702000260003203500140005803700130007208200140008510000170009924501050011626000480022127001050026930000210037450000540039520180704165625.0 aENG-123275 a9781108439145c595.00 aEN-106807 bDBAD/PUB a954.30223 aCox, Whitney aPolitics, kingship and poetry in medieval south india:cby Whitney Coxbmoonset on sunrise mountain/ aNew DelhibCambridge University Pressc2016 a314 to 321, 3rd floor, Plot no.3, Splendor Forum, Jasola District Centre, Jasola,bNew Delhie110025 a309p.c21cm(pbk) aIt includes bibliographical references and index